Нормален изглед
MARC изглед
- Дейвидсън, Сузана
Вход 01. Лично име
001 - Контролен номер на записа
- Контролно поле: 489118
003 - Код на организацията, даваща контролен номер
- Контролно поле: BLK
005 - Дата и час на последна промяна на записа
- Контролно поле: 20250213131605.0
008 - Данни с фиксирана дължина – обща информация
- Данни с фиксирана дължина : 230912|| aca||aabn | a|a d
100 ## - ИМЕ НА ЛИЦЕ -ПЪРВИЧНА ИНТЕЛЕКТУАЛНА ОТГОВОРНОСТ
- Лично име: Дейвидсън, Сузана
- Друга информация: Английска авторка на книги за деца.
500 ## - Допълнителна информация за лично име
- Лично име: Дейвидсън, Зана
942 ## - Системна служебна употреба
- Koha auth type: PERSO_NAME